Old McDoggle had a zoo / (Record no. 3379)

MARC details
000 -LEADER
fixed length control field 00757cam a22002537a 4500
005 - DATE AND TIME OF LATEST TRANSACTION
control field 20250829143358.0
020 ## - INTERNATIONAL STANDARD BOOK NUMBER
International Standard Book Number 9781612360171
040 ## - CATALOGING SOURCE
Original cataloging agency DLC
Transcribing agency DLC
Modifying agency DLC
Language of cataloging eng
050 00 - LIBRARY OF CONGRESS CALL NUMBER
Classification number M1997.K666
082 ## - DEWEY DECIMAL CLASSIFICATION NUMBER
Classification number 782.4
100 1# - MAIN ENTRY--PERSONAL NAME
Personal name Koontz, Robin
245 10 - TITLE STATEMENT
Title Old McDoggle had a zoo /
Statement of responsibility, etc. written and illustrated by Robin Koontz
260 ## - PUBLICATION, DISTRIBUTION, ETC.
Place of publication, distribution, etc. Vero Beach :
Name of publisher, distributor, etc. Rourke Publishing ,
Date of publication, distribution, etc. c2012.
300 ## - PHYSICAL DESCRIPTION
Extent 24 pages :
Other physical details color illustrations ;
Dimensions 21cm.
490 0# - SERIES STATEMENT
Series statement Little birdie books
505 ## - FORMATTED CONTENTS NOTE
Formatted contents note J <br/>
520 ## - SUMMARY, ETC.
Summary, etc. This Fluent Reader Retells A Classic Story.
521 ## - TARGET AUDIENCE NOTE
Target audience note 460 <br/>
Source Lexile <br/>
521 ## - TARGET AUDIENCE NOTE
Target audience note J <br/>
Source Raz-Plus <br/><br/>
650 ## - SUBJECT ADDED ENTRY--TOPICAL TERM
Topical term or geographic name entry element zoo animals
Form subdivision Non-fiction
906 ## - LOCAL DATA ELEMENT F, LDF (RLIN)
a 0
b ibc
c orignew
d 4
e epcn
f 20
g y-gencatlg
942 ## - ADDED ENTRY ELEMENTS (KOHA)
Source of classification or shelving scheme Dewey Decimal Classification
Koha item type Books
Suppress in OPAC No
999 ## -
-- 3379
-- 3379
Holdings
Withdrawn status Lost status Source of classification or shelving scheme Damaged status Not for loan Collection Home library Current library Shelving location Date acquired Total Checkouts Full call number Barcode Date last seen Date last checked out Price effective from Koha item type Copy number
    Dewey Decimal Classification     Non-Fiction Footprints International School Library Network Toul Tom Poung Campus Footprints International School Library Network Toul Tom Poung Campus TTP Primary Dark Blue Bookshelves 02/29/2024 2 KOO 782.4 M1997.K666 FISTK00946 05/07/2025 04/24/2025 02/29/2024 Books  
    Dewey Decimal Classification     Non-Fiction Footprints International School Library Network Toul Tom Poung Campus Footprints International School Library Network Toul Tom Poung Campus TTP Primary Dark Blue Bookshelves 08/29/2025   KOO 782.4 M1997.K666 FIS02839 08/29/2025   08/29/2025 Books 2